The Pacific basin : (Record no. 23523)
[ view plain ]
| 000 -LEADER | |
|---|---|
| fixed length control field | 01045nam a22002651 4500 |
| 001 - CONTROL NUMBER | |
| control field | 23523 |
| 003 - CONTROL NUMBER IDENTIFIER | |
| rucl marc code | BD-RjUL |
| 005 - DATE AND TIME OF LATEST TRANSACTION | |
| control field | 20211209000935.0 |
| 008 - FIXED-LENGTH DATA ELEMENTS--GENERAL INFORMATION | |
| fixed length control field | 140311s1967 nyuab b 001 0 eng |
| 035 ## - SYSTEM CONTROL NUMBER | |
| System control number | (BD-RjUL)23588 |
| 040 ## - CATALOGING SOURCE | |
| Original cataloging agency | DLC |
| Transcribing agency | DLC |
| Modifying agency | DLC |
| -- | BD-RjUL |
| Language of cataloging | eng |
| 041 ## - LANGUAGE CODE | |
| Language code of text/sound track or separate title | eng |
| 082 00 - DEWEY DECIMAL CLASSIFICATION NUMBER | |
| Classification number | 910.091823 |
| Author mark and year | PAC 1967 |
| 245 14 - TITLE STATEMENT | |
| Title | The Pacific basin : |
| Remainder of title | a history of its geographical exploration / |
| Statement of responsibility, etc. | edited by Herman R. Friis. |
| 260 ## - PUBLICATION, DISTRIBUTION, ETC. (IMPRINT) | |
| Place of publication, distribution, etc. | New York : |
| Name of publisher, distributor, etc. | American Geographical Society, |
| Date of publication, distribution, etc. | c1967. |
| 300 ## - PHYSICAL DESCRIPTION | |
| Pagination | xi, 457 p. : |
| Illustrations | ill., maps. ; |
| Size | 26 cm. |
| 490 1# - SERIES STATEMENT | |
| Series statement | American Geographical Society. Special publication no. 38 |
| 500 ## - GENERAL NOTE | |
| General note | Some of the papers are revised and enlarged versions of papers presented at a symposium held as part of the Tenth Pacific Science Congress meeting at the University of Hawaii, Aug. 21-Sept. 6, 1961. |
| 504 ## - BIBLIOGRAPHY, ETC. NOTE | |
| Bibliography, etc | Bibliography: p. 337-440. and index. |
| 651 #0 - SUBJECT ADDED ENTRY--GEOGRAPHIC NAME | |
| Geographic name | Pacific Area. |
| 9 (RLIN) | 72405 |
| 700 1# - ADDED ENTRY--PERSONAL NAME | |
| Personal name | Friis, Herman R. |
| Fuller form of name | (Herman Ralph), |
| 942 ## - ADDED ENTRY ELEMENTS (KOHA) | |
| Source of classification or shelving scheme | Dewey Decimal Classification |
| Koha item type | Books |
| Lost status | Source of classification or shelving scheme | Damaged status | Not for loan | Collection code | Permanent Location | Current Location | Shelving location | Date acquired | Source of acquisition | Cost, normal purchase price | Total Checkouts | Full call number | Date last seen | Copy number | Koha item type |
|---|---|---|---|---|---|---|---|---|---|---|---|---|---|---|---|
| Dewey Decimal Classification | Non-fiction | Central Library, University of Rajshahi | Central Library, University of Rajshahi | 11/11/1970 | Zitlinger | 166.00 | 910.091823 PAC 1967 | 11/03/2014 | C-2 | Books |